[Event "Challenge"]
[Site "http://www.queenalice.com/game.php?id=732344"]
[Date "2010.2.15"]
[Round "-"]
[White "Edmilson9975"]
[Black "Saintsalles"]
[Result "0-1"]
[WhiteElo "1668"]
[BlackElo "1672"]

1. d4 d5 2. c4 c6 3. c5 h6 4. Nf3 Bg4 5. Ne5 Be6 6. Nc3 Nf6 7. Nd3 Bf5 8. g3 Ne4
9. Bg2 Nxc3 10. bxc3 e6 11. O-O b6 12. Rb1 bxc5 13. f3 c4 14. e4 dxe4 15. Nb4 c5
16. fxe4 Bg6 17. Na6 Nxa6 18. Qa4+ Qd7 19. Qxa6 cxd4 20. Rb7 Qd6 21. Qxd6 Bxd6
22. Bf4 e5 23. Bd2 d3 24. a4 O-O 25. a5 a6 26. Rfb1 f5 27. exf5 Bxf5 28. Bd5+
Kh7 29. Kg2 Bc5 30. Rc7 Bd6 31. Rxc4 Rfe8 32. g4 Bg6 33. Kh3 e4 34. Bxa8 Rxa8
35. Rc6 Be7 36. Rbb6 Be8 37. Re6 Bc5 38. Rxe4 Bxb6 39. axb6 Bc6 40. Re6 Bd5 41.
Rd6 Bb7 42. Rxd3 Be4 43. Rd4 Bb7 44. c4 Rf8 45. Rd7 Rf3+ 46. Kh4 Bc6 47. Rc7 Be4
48. b7 Rb3 49. b8=Q Rxb8 50. Re7 Bd3 51. Bc3 Rg8 52. c5 Kg6 53. c6 Be4 54. Rxe4
Rc8 55. Re6+ Kf7 56. Rd6 g6 57. Rf6+ Kg7 58. Rxg6+ Kxg6 59. Bd2 Rxc6 60. Kg3 Rd6
61. Bb4 Rd3+ 62. Kg2 Rb3 63. Ba5 Ra3 64. Bb6 a5 65. Kf1 a4 66. Ke1 Rb3 67. Bd4
Rb4 68. Bc5 Rxg4 69. Kd1 Rg2 70. Bd6 Rg1+ 71. Ke2 Rg2+ 72. Ke3 h5 73. Kf3 Rd2
74. Be5 a3 75. h4 Kf5 76. Bh8 a2 77. Kg3 Rd3+ 78. Kf2 Kg4 79. Ke2 Rd8 80. Bf6
Rd6 81. Bc3 Kxh4 82. Kf2 Kg4 83. Kg2 Rd3 84. Be5 h4 85. Kh2 Re3 86. Ba1 Re2+ 0-1

[Event "Challenge"]
[Site "http://www.queenalice.com/game.php?id=733349"]
[Date "2010.2.17"]
[Round "-"]
[White "Edmilson9975"]
[Black "Saintsalles"]
[Result "1-0"]
[WhiteElo "1648"]
[BlackElo "1745"]

1. d4 d5 2. c4 e6 3. Nc3 dxc4 4. Nf3 Bb4 5. Bf4 a6 6. e3 h6 7. Bxc4 b5 8. Bd3
Nf6 9. O-O Nh5 10. Be4 Ra7 11. Qb3 Nxf4 12. Qxb4 Nh5 13. Qc5 Rb7 14. Bxb7 Bxb7
15. Qxh5 Nd7 16. d5 Nf6 17. Qh3 exd5 18. Rad1 Bc8 19. Qg3 O-O 20. Ne5 Nh5 21.
Qf3 Nf6 22. Rd4 c5 23. Rd2 Bb7 24. Qf5 Bc8 25. Qd3 Bb7 26. a3 Qc7 27. f4 c4 28.
Qf5 Bc8 29. Qc2 Bb7 30. Rfd1 Rd8 31. Rd4 Qc5 32. b4 cxb3 33. Qxb3 Kf8 34. a4 Ke7
35. axb5 axb5 36. Nxb5 Ke6 37. R4d2 Ba8 38. Rc2 Qe7 39. Nd4+ 1-0

[Event "Challenge"]
[Site "http://www.queenalice.com/game.php?id=762850"]
[Date "2010.4.18"]
[Round "-"]
[White "Chalezuba"]
[Black "Edmilson9975"]
[Result "1-0"]
[WhiteElo "1928"]
[BlackElo "1668"]

1. e4 f5 2. exf5 Nf6 3. Nc3 Nc6 4. Nf3 g6 5. fxg6 hxg6 6. d4 Nb4 7. a3 Nbd5 8.
Bd3 Rg8 9. Nxd5 Nxd5 10. c4 Nf6 11. Be3 d6 12. O-O Bg4 13. h3 Bf5 14. d5 Qd7 15.
Nd4 O-O-O 16. Qc2 Bxd3 17. Qxd3 a6 18. Ne6 Re8 19. b4 Bg7 20. Rac1 Kb8 21. b5 a5
22. b6 c6 23. Qd1 c5 24. Rb1 Ne4 25. Qd3 Nf6 26. Rb5 a4 27. Qc2 Nxd5 28. Qxa4
Nxb6 29. Qb3 Qxe6 30. Rxb6 Qd7 31. Rb1 1-0

[Event "Challenge"]
[Site "http://www.queenalice.com/game.php?id=793033"]
[Date "2010.6.21"]
[Round "-"]
[White "Chalezuba"]
[Black "Edmilson9975"]
[Result "1-0"]
[WhiteElo "2094"]
[BlackElo "1686"]

1. e4 e5 2. Nf3 Nc6 3. Bb5 Nf6 4. O-O Nxe4 5. d4 Nd6 6. Bxc6 dxc6 7. dxe5 Nf5 8.
Qxd8+ Kxd8 9. Nc3 Ne7 10. Re1 h6 11. Bd2 Ke8 12. h3 Be6 13. Rad1 Rd8 14. a3 Ng6
15. Be3 Be7 16. Nd4 Nxe5 17. Nxe6 fxe6 18. Rxd8+ Bxd8 19. Bd4 Nc4 20. Rxe6+ Kd7
21. Re1 Bf6 22. Bxf6 gxf6 23. Rd1+ Ke6 24. a4 h5 25. b3 Nd6 26. h4 Nf5 27. g3
Rg8 28. Kf1 Ne7 29. Ne2 Ng6 30. b4 f5 31. a5 f4 32. a6 bxa6 33. Ra1 fxg3 34.
fxg3 Rb8 35. c3 Rb6 36. Ra5 Ne5 37. Nd4+ Kd6 38. Nf5+ Ke6 39. Ng7+ Kd6 40. Nf5+
Ke6 41. Nd4+ Kd6 42. Ke2 Nd7 43. Rxh5 c5 44. bxc5+ Nxc5 45. c4 Nb3 46. Kd3 Ke7
47. c5 Rb7 48. c6 Rb6 49. Rh7+ Kd6 50. h5 Nxd4 51. Kxd4 Rb8 52. h6 Kxc6 53. Rg7
a5 54. h7 Rh8 55. Kc4 a4 56. g4 a3 57. Kb3 Kb6 58. Kxa3 c5 59. g5 c4 60. g6 Rd8
61. Rg8 Rd3+ 62. Kb2 Rd2+ 63. Kc3 Rh2 64. h8=Q Rxh8 65. Rxh8 a5 66. g7 Kb5 67.
g8=Q 1-0

[Event "Challenge"]
[Site "http://www.queenalice.com/game.php?id=794591"]
[Date "2010.6.24"]
[Round "-"]
[White "Saintsalles"]
[Black "Edmilson9975"]
[Result "0-1"]
[WhiteElo "1679"]
[BlackElo "1670"]

1. e4 c5 2. d4 cxd4 3. Qxd4 Nc6 4. Qd1 Nf6 5. Nc3 e6 6. Bg5 Qb6 7. Rb1 Bb4 8.
Be3 Qc7 9. Bd2 Bxc3 10. Bxc3 Nxe4 11. Bxg7 Rg8 12. Qg4 d5 13. Bd3 Nf6 14. Qg5
Qe5+ 15. Qxe5 Nxe5 16. Bxf6 Nd7 17. Bxh7 Nxf6 18. Bxg8 Nxg8 19. Nf3 f6 20. O-O
e5 21. h3 Ne7 22. Rfe1 Bf5 23. Rbc1 Kf7 24. Nh4 Bd7 25. Rcd1 Rc8 26. g4 Rxc2 27.
Rb1 Bc6 28. a3 d4 29. Nf5 Nxf5 30. gxf5 d3 31. b3 d2 32. Red1 Bf3 33. Kh2 Bxd1
34. Rxd1 Kg7 35. Kg2 Kh6 36. Kg3 Kg5 37. Kf3 Rc3+ 38. Ke4 Rxh3 39. f3 Rh4+ 40.
Ke3 Kxf5 41. Rxd2 Ke6 42. Rc2 Rh3 43. Rc7 f5 44. Rxb7 e4 45. Kf2 Rxf3+ 46. Ke2
f4 47. a4 Rd3 48. b4 f3+ 49. Kf2 Kf5 50. Rxa7 Kf4 51. Rf7+ Kg4 52. Rg7+ Kf4 53.
Rf7+ Kg4 54. Rg7+ Kf4 55. Rf7+ Kg4 56. b5 e3+ 57. Ke1 e2 58. Rg7+ Kh3 59. Re7
Rd1+ 60. Kf2 Rf1+ 0-1

[Event "Challenge"]
[Site "http://www.queenalice.com/game.php?id=794706"]
[Date "2010.6.25"]
[Round "-"]
[White "Saintsalles"]
[Black "Edmilson9975"]
[Result "0-1"]
[WhiteElo "1698"]
[BlackElo "1652"]

1. e4 e5 2. Bc4 Nf6 3. d3 Nc6 4. a3 d5 5. exd5 Nxd5 6. Nf3 Be7 7. O-O O-O 8. Re1
Bf6 9. Bxd5 Qxd5 10. c4 Qd6 11. Nc3 Bg4 12. h3 Bxf3 13. Qxf3 Nd4 14. Qd1 Rfe8
15. Ne4 Qe6 16. Nc5 Qc8 17. Ne4 Qd8 18. Rb1 Be7 19. Be3 f5 20. Nc3 c6 21. Bxd4
Qxd4 22. Ne2 Qd7 23. Nc3 Qd4 24. Ne2 Qd7 25. Qb3 Bc5 26. Qa2 a5 27. Qb3 Re6 28.
Ng3 Rg6 29. Nh1 f4 30. Rxe5 Qxh3 31. g3 Rh6 0-1

[Event "Challenge"]
[Site "http://www.queenalice.com/game.php?id=818941"]
[Date "2010.8.16"]
[Round "-"]
[White "Saintsalles"]
[Black "Edmilson9975"]
[Result "0-1"]
[WhiteElo "1774"]
[BlackElo "1684"]

1. e4 e5 2. Bc4 Nf6 3. d3 a6 4. Bg5 Be7 5. Nf3 d6 6. Nc3 Nc6 7. Bxf6 Bxf6 8. Nd5
Bg4 9. h3 Bh5 10. g4 Bg6 11. Nxf6+ Qxf6 12. Qe2 O-O 13. Qe3 b5 14. Bd5 Nb4 15.
Bb3 Nc6 16. g5 Qe7 17. h4 Bh5 18. O-O-O g6 19. Rhg1 Nd4 20. Rg3 Nxf3 21. Rh1 Nd4
22. Kb1 Nxb3 23. cxb3 f5 24. exf5 Rxf5 25. Rf1 Rf4 26. Rh1 c5 27. Rf1 Rxh4 28.
f3 Rf8 29. f4 Rfxf4 30. Qe1 Qf7 31. Rxf4 Qxf4 32. Rg1 Qd4 33. Rg3 Rh2 34. Qc1
Bd1 35. Rg1 Qxd3+ 36. Ka1 Bf3 37. b4 c4 38. a3 Rc2 39. Qf1 Qb3 40. Qb1 c3 41.
Qa2 cxb2+ 42. Kb1 Rc1+ 43. Rxc1 bxc1=Q+ 44. Kxc1 Qxa2 0-1

[Event "Challenge"]
[Site "http://www.queenalice.com/game.php?id=818943"]
[Date "2010.8.16"]
[Round "-"]
[White "Edmilson9975"]
[Black "Saintsalles"]
[Result "1-0"]
[WhiteElo "1704"]
[BlackElo "1754"]

1. d4 d5 2. Nc3 Bf5 3. Nf3 h5 4. Bf4 a6 5. e3 e6 6. h3 Bb4 7. Bd3 Bxc3+ 8. bxc3
Bxd3 9. Qxd3 f6 10. Qg6+ Kf8 11. Rb1 Ne7 12. Qg3 Nf5 13. Qh2 Nd6 14. Nh4 Rg8 15.
Bxd6+ cxd6 16. Rxb7 g5 17. Nf3 Nc6 18. h4 g4 19. Qf4 Rh8 20. Ng5 Qe8 21. Qxd6+
Kg8 22. Nxe6 Rh7 23. Rxh7 Kxh7 24. Qc7+ Ne7 25. O-O Rc8 26. Qf4 Kg6 27. f3 Rc6
28. Nc5 Kg7 29. fxg4 Ng6 30. Qg3 hxg4 31. h5 Ne7 32. Qxg4+ Kh6 33. Ne6 Qh8 34.
Qf4+ Kh7 35. Qg4 f5 36. Ng5+ Kg8 37. Rxf5 Nxf5 38. Qxf5 Qg7 39. c4 dxc4 40. Qd5+
Kh8 41. Nf7+ Kh7 42. Qxc6 Qxf7 43. Qxa6 c3 44. Qg6+ Qxg6 45. hxg6+ Kxg6 46. a4
Kf6 47. a5 Ke6 48. a6 1-0

[Event "Challenge"]
[Site "http://www.queenalice.com/game.php?id=835234"]
[Date "2010.9.20"]
[Round "-"]
[White "Chalezuba"]
[Black "Edmilson9975"]
[Result "1-0"]
[WhiteElo "2138"]
[BlackElo "1755"]

1. e4 f5 2. exf5 d5 3. Qh5+ Kd7 4. Nf3 Qe8 5. Ne5+ Kd8 6. Nf7+ Kd7 7. f6 Nxf6 8.
Qh3+ e6 9. Nxh8 Be7 10. Nc3 Qxh8 11. d4 Nc6 12. Be3 Ke8 13. g4 Kf8 14. g5 e5 15.
Qf3 e4 16. Qg2 Ng4 17. Nxd5 Bd6 18. Be2 Nxe3 19. fxe3 Bf5 20. O-O g6 21. Qxe4
Qg7 22. Bg4 Ne7 23. Nxe7 Qxe7 24. Qxe7+ Kxe7 25. Bxf5 gxf5 26. Rxf5 Rg8 27. e4
Rg7 28. e5 Bb4 29. c3 Ba5 30. Kf2 c6 31. Ke3 Bb6 32. Raf1 c5 33. Ke4 cxd4 34.
cxd4 a5 35. h4 Bc7 36. d5 Ke8 37. Rf8+ Ke7 38. d6+ Kd7 39. dxc7 Kxc7 40. R8f7+
Rxf7 41. Rxf7+ Kc6 42. e6 Kb6 43. e7 Ka6 44. e8=Q Kb6 45. Rf6+ Ka7 46. Qb5 Kb8
47. Qb6 1-0

[Event "Challenge"]
[Site "http://www.queenalice.com/game.php?id=835330"]
[Date "2010.9.20"]
[Round "-"]
[White "Edmilson9975"]
[Black "Saintsalles"]
[Result "1-0"]
[WhiteElo "1739"]
[BlackElo "1737"]

1. d4 d5 2. Nc3 Bf5 3. Nf3 Bg4 4. Bf4 Bxf3 5. exf3 a6 6. Bd3 e6 7. Ne2 Bb4+ 8.
c3 Bd6 9. Qb3 b6 10. O-O Bxf4 11. Nxf4 Nf6 12. Rfe1 O-O 13. Re3 a5 14. g3 Nc6
15. Qa4 Qd6 16. Rae1 Na7 17. Qc2 b5 18. Re5 Rfe8 19. Nh5 Nxh5 20. Bxh7+ Kf8 21.
Rxh5 Ke7 22. Bd3 g6 23. Rh7 Rg8 24. f4 Raf8 25. Bxg6 Ke8 26. f5 fxg6 27. Rxe6+
Qxe6 28. fxe6 Nc8 29. Rxc7 Nd6 30. Qb3 Rf5 31. Rd7 a4 32. Qb4 Nc8 33. Qxb5 Kf8
34. Qb8 Rf7 35. Qxc8+ Kg7 36. Rxf7+ Kh8 37. Qd7 1-0

[Event "Challenge"]
[Site "http://www.queenalice.com/game.php?id=835331"]
[Date "2010.9.20"]
[Round "-"]
[White "Saintsalles"]
[Black "Edmilson9975"]
[Result "0-1"]
[WhiteElo "1754"]
[BlackElo "1722"]

1. d4 d5 2. Nc3 Nc6 3. e3 Nf6 4. Bb5 e6 5. Bxc6+ bxc6 6. Nf3 Ba6 7. Ne5 Qd6 8.
a3 c5 9. f4 Rb8 10. Na4 cxd4 11. exd4 Ne4 12. Nc5 Nxc5 13. dxc5 Qxc5 14. Nd3 Qb6
15. b4 Be7 16. Qf3 Bh4+ 17. g3 Bf6 18. Rb1 d4 19. Rg1 g6 20. Nc5 Bb5 21. Bb2 O-O
22. Nd7 Bxd7 23. Rg2 Bc6 24. Qf2 Bxg2 25. Qxg2 Rfd8 26. Rd1 a5 27. Qd2 d3 28.
Kf1 dxc2 29. Qxc2 Rxd1+ 30. Qxd1 Bxb2 31. Qf3 axb4 32. axb4 Qxb4 33. Kg2 c5 34.
Kh3 c4 35. Qc6 Qb3 0-1

[Event "Challenge"]
[Site "http://www.queenalice.com/game.php?id=840161"]
[Date "2010.9.30"]
[Round "-"]
[White "Edmilson9975"]
[Black "Chalezuba"]
[Result "0-1"]
[WhiteElo "1753"]
[BlackElo "2184"]

1. d4 Nf6 2. Nc3 d5 3. Bf4 Bf5 4. Nf3 e6 5. Nh4 Nh5 6. Nxf5 Nxf4 7. e3 Ng6 8.
Ng3 Bd6 9. Nh5 O-O 10. Be2 a6 11. O-O Nd7 12. e4 dxe4 13. Nxe4 Bxh2+ 14. Kxh2
Qh4+ 15. Kg1 Qxe4 16. Bf3 Qh4 17. g3 Qg5 18. Bxb7 Rab8 19. Bxa6 Rxb2 20. Be2 Qa5
21. Qd3 Rd8 22. Qc4 Rdb8 23. Bd3 Qxh5 24. Qxc7 Nf6 25. Bxg6 hxg6 26. Qc5 Qh3 27.
Qc6 Ng4 28. Qh1 Qxh1+ 29. Kxh1 Rxc2 30. Kg1 Rbb2 31. Rfb1 Rxb1+ 32. Rxb1 Rxa2
33. f3 Ne3 34. Rb8+ Kh7 35. Rf8 f5 36. g4 fxg4 37. fxg4 Rg2+ 38. Kh1 Rxg4 39.
Rd8 g5 40. Kh2 Rg2+ 41. Kh3 g4+ 42. Kh4 Kg6 43. Rf8 Nf5+ 44. Rxf5 exf5 45. d5
Kh6 46. d6 g5# 0-1

[Event "Challenge"]
[Site "http://www.queenalice.com/game.php?id=862118"]
[Date "2010.11.21"]
[Round "-"]
[White "Chalezuba"]
[Black "Edmilson9975"]
[Result "1-0"]
[WhiteElo "2203"]
[BlackElo "1751"]

1. e4 c5 2. Nf3 d6 3. d4 cxd4 4. Nxd4 Nf6 5. Nc3 a6 6. Bg5 e6 7. f4 Nbd7 8. Qf3
Qc7 9. O-O-O Be7 10. g4 b5 11. Bxf6 Nxf6 12. g5 Nd7 13. f5 Nc5 14. h4 b4 15. Nb1
Bb7 16. fxe6 fxe6 17. Nd2 e5 18. Nf5 O-O 19. Qg4 Rac8 20. Bc4+ Kh8 21. Rh2 Qd7
22. g6 Nxe4 23. Nxe4 Qxf5 24. Qxf5 Rxf5 25. Be6 Bxe4 26. Bxc8 Rf8 27. Bxa6 Bxg6
28. Rf1 Bf6 29. Bc4 h5 30. Rd2 Rd8 31. Rfd1 Be7 32. Rg1 Be4 33. Be2 Bxh4 34.
Bxh5 g5 35. Rg4 Bf5 36. Rxb4 Be1 37. Bg4 Bxd2+ 38. Kxd2 Bg6 39. a4 Ra8 40. Bf3
Ra5 41. b3 Bf5 42. Rb5 Ra7 43. Rb8+ Kh7 44. Rb7+ Rxb7 45. Bxb7 Bd7 46. a5 d5 47.
a6 e4 48. a7 1-0

[Event "Challenge"]
[Site "http://www.queenalice.com/game.php?id=880241"]
[Date "2011.1.2"]
[Round "-"]
[White "Irom"]
[Black "Edmilson9975"]
[Result "0-1"]
[WhiteElo "1730"]
[BlackElo "1756"]

1. d4 d5 2. Bf4 Bg4 3. Nc3 Nf6 4. Nb5 Na6 5. h3 Bf5 6. Nf3 c6 7. Nc3 Qb6 8. b3
Nb4 9. e4 dxe4 10. Nh4 Be6 11. a3 Qxd4 12. axb4 Qxc3+ 13. Bd2 Qe5 14. Be2 g5 15.
Bxg5 Qxg5 16. g3 Bg7 17. O-O Bxh3 18. Re1 e3 19. Ra5 exf2+ 20. Kxf2 Ne4+ 21. Kf3
Qg4+ 22. Ke3 Bh6+ 23. Kd4 Nf2+ 24. Bxg4 Rd8+ 25. Kc4 Rxd1 26. Rxd1 Bxg4 27. Rxa7
Nxd1 28. Ra8+ Kd7 29. Rxh8 Be2+ 30. Kd4 Bg7+ 31. Ke4 Bxh8 0-1

[Event "Challenge"]
[Site "http://www.queenalice.com/game.php?id=914018"]
[Date "2011.3.18"]
[Round "-"]
[White "Edmilson9975"]
[Black "davidg"]
[Result "0-1"]
[WhiteElo "1771"]
[BlackElo "2133"]

1. d4 Nf6 2. Bf4 c6 3. Nc3 d5 4. Nf3 e6 5. g3 Be7 6. Bg2 O-O 7. O-O b5 8. a3 a5
9. Ne5 Qb6 10. e4 a4 11. Qe2 Ba6 12. Be3 b4 13. Nxa4 Bxe2 14. Nxb6 Ra6 15. Rfe1
Bh5 16. Nxd5 cxd5 17. axb4 Rxa1 18. Rxa1 Bxb4 19. Nd3 Be7 20. Nf4 Bg6 0-1

[Event "Challenge"]
[Site "http://www.queenalice.com/game.php?id=918783"]
[Date "2011.3.28"]
[Round "-"]
[White "Prosperidade"]
[Black "Edmilson9975"]
[Result "0-1"]
[WhiteElo "1969"]
[BlackElo "1782"]

1. d4 d5 2. c4 e6 3. cxd5 exd5 4. a3 Nf6 5. Nc3 Nc6 6. Bg5 Be7 7. h3 h6 8. Bxf6
Bxf6 9. e3 O-O 10. Nf3 Re8 11. Be2 Be6 12. O-O Na5 13. b4 Nc4 14. Bxc4 dxc4 15.
Qc2 g6 16. Rad1 Bg7 17. Ne2 b5 18. Nc3 c6 19. Ne5 Qc7 20. e4 a5 21. f4 axb4 22.
axb4 Qd6 23. Rf3 Bxe5 24. dxe5 Qxb4 25. f5 Qc5+ 26. Kh1 Qxe5 27. fxe6 Rxe6 28.
Qf2 b4 29. Na2 b3 0-1

[Event "Challenge"]
[Site "http://www.queenalice.com/game.php?id=972367"]
[Date "2011.8.13"]
[Round "-"]
[White "alexferreira"]
[Black "Edmilson9975"]
[Result "0-1"]
[WhiteElo "1813"]
[BlackElo "1785"]

1. d4 d5 2. g3 Bf5 3. Bg2 e6 4. Nf3 Nc6 5. c3 Nf6 6. Bg5 h6 7. Bxf6 Qxf6 8. Nbd2
Be7 9. O-O Qg6 10. Nb3 O-O 11. Nh4 Bxh4 12. Nc5 Be7 13. Nd3 Rfd8 14. Nf4 Qf6 15.
Re1 g5 16. Nd3 e5 17. dxe5 Nxe5 18. Nxe5 Qxe5 19. Qb3 Rab8 20. Rad1 c6 21. Rd2
Kg7 22. e3 b5 23. Qd1 b4 24. c4 dxc4 25. Bxc6 c3 26. bxc3 bxc3 27. Rxd8 Rxd8 28.
Qc1 c2 29. e4 Qc3 30. exf5 Qxe1+ 31. Qxe1 Rd1 0-1

[Event "Challenge"]
[Site "http://www.queenalice.com/game.php?id=980076"]
[Date "2011.9.1"]
[Round "-"]
[White "jeffcom2f"]
[Black "Edmilson9975"]
[Result "1-0"]
[WhiteElo "1831"]
[BlackElo "1802"]

1. e4 d5 2. exd5 Nf6 3. Nc3 Nxd5 4. Nxd5 Qxd5 5. d4 Nc6 6. c3 e5 7. Qe2 Be7 8.
Qf3 e4 9. Qg3 O-O 10. Be2 Bd6 11. Bf4 Rd8 12. Bxd6 Rxd6 13. Nh3 Bxh3 14. Qxh3 f5
15. O-O Rh6 16. Qe3 Re8 17. b3 Ne7 18. Bc4 c6 19. Bxd5+ Nxd5 20. Qd2 1-0

[Event "Challenge"]
[Site "http://www.queenalice.com/game.php?id=984337"]
[Date "2011.9.12"]
[Round "-"]
[White "Edmilson9975"]
[Black "jeffcom2f"]
[Result "1-0"]
[WhiteElo "1787"]
[BlackElo "1881"]

1. d4 g6 2. e4 Bg7 3. Nc3 d6 4. f4 e5 5. dxe5 Be6 6. Nf3 Bg4 7. Bc4 Nc6 8. exd6
Qxd6 9. Bxf7+ Kxf7 10. Ng5+ Kf8 11. Qxg4 Re8 12. e5 Bxe5 13. fxe5 Rxe5+ 14. Nce4
Nf6 15. O-O Qd4+ 16. Kh1 Rf5 17. Ne6+ Ke7 18. Bg5 1-0

[Event "Challenge"]
[Site "http://www.queenalice.com/game.php?id=991414"]
[Date "2011.9.29"]
[Round "-"]
[White "jeffcom2f"]
[Black "Edmilson9975"]
[Result "0-1"]
[WhiteElo "1900"]
[BlackElo "1807"]

1. b3 d5 2. Bb2 Nf6 3. Bxf6 exf6 4. e3 Nc6 5. d4 Bb4+ 6. c3 Ba5 7. Bb5 O-O 8.
Ne2 Qd6 9. Bxc6 Qxc6 10. Qc1 Bf5 11. Qd2 Rfe8 12. O-O Qd6 13. b4 Bb6 14. Na3 a5
15. Nc2 c6 16. a3 h6 17. Ng3 Bc7 18. Ne1 h5 19. Nf3 Bg4 20. h4 Qe6 0-1